000 01211nam a22002057a 4500
003 JO-AjAnu
005 20240602103726.0
008 240406b jo ||||| |||| 00| 0 ara d
040 _aJO-AjAnu
_cJO-AjAnu
041 0 _aara
050 _aLB1043
_b2022
100 1 _aأبو حمامة، لارا علي عبد
_965327
_eمعد
245 0 _aدرجة استخدام معلمي الطلبة ذوي صعوبات التعلم للوسائل التعليمية والاحتياجات التدريبية اللازمة لهم = The Degree of the Teachers Of Students with Learning Disabilities Usage Of Educational Aids and the Training Needs Necessary For them /
_cاعداد لارا علي عبد أبو حمامة ؛ اشراف فيصل عيسى النواصرة
260 _c2022
300 _a77ورقة
500 _aرسالة جامعية ( رسالة ماجستير ) - جامعة عجلون الوطنية (عجلون، الاردن)، كلية العلوم التربوية ، تخصص صعوبات التعلم،2022.
650 7 0 _aالرسائل التعليمية - المعوقون - تعليم
_965329
700 1 _aالنواصرة، فيصل عيسى.
_eمشرف
_965078
942 _2lcc
_cTHS
_n0
999 _c33438
_d33438